Roots of economic growth

Guardat en:
Dades bibliogràfiques
Autor principal: SCHUMACHER, E. F.
Format: Llibre
Idioma:anglès
Publicat: Grandhian Institute of Studies 1962
Etiquetes: Afegir etiqueta
Sense etiquetes, Sigues el primer a etiquetar aquest registre!

MARC

LEADER 00000nam a22000007a 4500
008 210122b ||||| |||| 00| 0 eng d
100 |a  SCHUMACHER, E. F. 
245 |a Roots of economic growth  |c E. F. Schumacher 
260 |b Grandhian Institute of Studies  |c 1962  |h Varanasi  |i 69068  |l MD82 .Sch8 
942 |a lcc  |c BK  |e Adeyeye Y. S.  |f 22/01/21 
952 |0 0  |1 0  |2 lcc  |4 0  |6 MD0082 S C H8  |7 0  |9 1498  |a HOL  |b HOL  |c LP  |d 2021-01-22  |l 0  |o MD82 .Sch8  |p 2021-0295  |r 2021-01-22 00:00:00  |w 2021-01-22  |y BK 
999 |c 785  |d 785